Perfil del puesto de la recepción de la Vicerrectoría de Vida Estudiantil (Registro nro. 11241)
[ vista simple ]
| 000 -LEADER | |
|---|---|
| fixed length control field | 00534nmm a22001817a 4500 |
| 005 - DATE AND TIME OF LATEST TRANSACTION | |
| control field | 20181009152630.0 |
| 008 - FIXED-LENGTH DATA ELEMENTS--GENERAL INFORMATION | |
| fixed length control field | 181009b xxu||||| |||| 00| 0 spa d |
| 041 ## - LANGUAGE CODE | |
| Language code of text/sound track or separate title | spa |
| 082 ## - DEWEY DECIMAL CLASSIFICATION NUMBER | |
| Classification number | SE 157 |
| 100 ## - MAIN ENTRY--AUTHOR NAME | |
| Personal name | Camacho Garro, María Fernanda |
| 245 ## - TITLE STATEMENT | |
| Title | Perfil del puesto de la recepción de la Vicerrectoría de Vida Estudiantil |
| 260 ## - PUBLICATION, DISTRIBUTION, ETC. (IMPRINT) | |
| Year of publication | 2018 |
| 650 ## - SUBJECT ADDED ENTRY--TOPICAL TERM | |
| Topical Term | COSTA RICA |
| 650 ## - SUBJECT ADDED ENTRY--TOPICAL TERM | |
| Topical Term | SECRETARIADO EJECUTIVO |
| 650 ## - SUBJECT ADDED ENTRY--TOPICAL TERM | |
| Topical Term | RECEPCIÓN |
| 650 ## - SUBJECT ADDED ENTRY--TOPICAL TERM | |
| Topical Term | UNIVERSIDAD DE COSTA RICA |
| 942 ## - ADDED ENTRY ELEMENTS (KOHA) | |
| Tipo de ítem | Informe de Práctica |
| Withdrawn status | Estado | Estado físico | Not for loan | Total Checkouts | Clasificación | Número de inscripción | Date last seen | Date checked out | Price effective from | Tipo de ítem |
|---|---|---|---|---|---|---|---|---|---|---|
| 4 | SE 157 | SE157 | 23/01/2023 | 23/01/2023 | 09/10/2018 | Informe de Práctica |